Tables portatives de logarithmes contenant les logarithmes des nombres depuis 1 jusqu'à 108 000, les logarithmes des sinus et des tangentes... (Record no. 172449)

MARC details
000 -LEADER
campo de control de longitud fija 01028nam a2200205 i 4500
001 - NÚMERO DE CONTROL
campo de control 172449
003 - IDENTIFICADOR DE NÚMERO DE CONTROL
campo de control ES-MaACL
005 - FECHA Y HORA DE LA ÚLTIMA TRANSACCIÓN
campo de control 20230906214922.0
008 - DATOS DE LONGITUD FIJA--INFORMACIÓN GENERAL
campo de control de longitud fija 090707s17951916fr |||| | fre d
080 ## - NÚMERO DE LA CLASIFICACIÓN DECIMAL UNIVERSAL
Número de la Clasificación Decimal Universal 518.2(083.5)
100 0# - ENTRADA PRINCIPAL--NOMBRE DE PERSONA
Nombre de persona Callet, François.
9 (RLIN) 33751
245 10 - MENCIÓN DEL TÍTULO
Título Tables portatives de logarithmes contenant les logarithmes des nombres depuis 1 jusqu'à 108 000, les logarithmes des sinus et des tangentes...
Resto del título ; précédées d'un discours préliminaire sur l'Explication, l'Usage et la Sommation des Logarithmes... suivies de nouvelles tables plus approchées... /
Mención de responsabilidad, etc. par François Callet ; entièrement revues et corrigees par M. Saigey.
250 ## - MENCION DE EDICION
Mención de edición Éd. stéréotype / gravée, fondue et imprimée par Firmim Didot.
260 ## - PUBLICACIÓN, DISTRIBUCIÓN, ETC.
Lugar de publicación, distribución, etc. Paris :
Nombre del editor, distribuidor, etc. Firmin Didot,
Fecha de publicación, distribución, etc. 1795 (
Fecha de fabricación/manufactura tirage 1916)
300 ## - DESCRIPCIÓN FÍSICA
Extensión a-h, 118, [2], 680 p., [1] h. pleg., [1] p. de lám. :
Otras características físicas diagr. ;
Dimensiones 25 cm.
650 #4 - PUNTO DE ACCESO ADICIONAL DE MATERIA--TÉRMINO DE MATERIA
Término de materia o nombre geográfico como elemento de entrada Algoritmos.
9 (RLIN) 9721
700 0# - ENTRADA AGREGADA--NOMBRE PERSONAL
Nombre de persona Saigey, M.
9 (RLIN) 101491
700 1# - ENTRADA AGREGADA--NOMBRE PERSONAL
Nombre de persona Didot, Firmin.
9 (RLIN) 126797
852 ## - LOCALIZACIÓN
Ubicación ES-MaACL
Número de control de estantería E-12763
itemnumber R.143722
Holdings
Estatus retirado Estado de pérdida Estado de daño No para préstamo Colección Biblioteca de origen Biblioteca actual Ubicación en estantería Fecha de adquisición Fuente de adquisición Total de préstamos Signatura topográfica completa Código de barras Visto por última vez Precio de reemplazo Tipo de ítem Koha
        Libros del s. XVIII Biblioteca del Ateneo de Madrid Biblioteca del Ateneo de Madrid Depósito 2 07/07/2009     E-12763 1180972 23/02/2023 23/02/2023 Libro impreso antiguo